| 000 | 00831nas a2200265 4500 | ||
|---|---|---|---|
| 001 | BR9209758 | ||
| 003 | BR-BrBNA | ||
| 005 | 20231205093327.0 | ||
| 007 | ta | ||
| 008 | 230509b bl.|||p| |||| 00| 00por d | ||
| 040 |
_aBR-BrBNA _bpor _cBiblioteca Nacional de Agricultura |
||
| 041 | _a(Pt) | ||
| 072 | _aQ04 | ||
| 100 | 1 | _aSilva, R.S.F. da | |
| 100 | 1 | _aIda, E.I. | |
| 100 | 1 | _aSilva, M.A.P. da | |
| 100 | 1 | _aFabre-Sanches, S. | |
| 245 | 1 | _aAplicacao da metodologia da superficie de resposta para previsao da remocao de oligossacarideos da soja | |
| 650 | _aSOJA | ||
| 650 | _aSACARIDEO | ||
| 650 | _aCOMPOSICAO DE ALIMENTO | ||
| 773 | 0 |
_tCiencia e Tecnologia de Alimentos (Brazil) _xISSN 0101-2061 _g(Jul-Dec 1981), v. 1(2) p. 107-122 _wBR9209758 |
|
| 909 |
_a202311 _bLúcia _c55 _dLúcia Elande |
||
| 942 |
_2AGRIS _n0 _cANA |
||
| 999 |
_c137546 _d137546 |
||